Statistics for Nicknames of Politicians

Click here to take the quiz!

General Stats

  • This quiz has been taken 105 times
  • The average score is 10 of 14

Answer Stats

NicknamePolitician% Correct
JFKJohn F.Kennedy
95%
The Iron LadyMargaret Thatcher
92%
FDRFranklin D.Roosevelt
88%
LBJLyndon B.Johnson
87%
Honest AbeAbraham Lincoln
86%
British BulldogWinston Churchill
86%
RFKRobert F.Kennedy
83%
IkeDwight D. Eisenhower
76%
Tricky DickRichard Nixon
73%
Teflon TonyTony Blair
69%
The GovernatorArnold Schwarzenegger
68%
Slick WillieBill Clinton
54%
Old HickoryAndrew Jackson
45%
The GipperRonald Reagan
42%

Score Distribution

Percentile by Number Answered

Percent of People with Each Score

Your Score History

You have not taken this quiz